Принципы подбора скважинного оборудования: учебное пособие

Podrobná bibliografie
Hlavní autor: Писарев М. О. Михаил Олегович
Korporativní autor: Национальный исследовательский Томский политехнический университет (ТПУ) Институт природных ресурсов (ИПР) Кафедра проектирования объектов нефтегазового комплекса (ПОНК)
Další autoři: Ахмедшин Т. Р. Тимур Рашидович
Shrnutí:Заглавие с титульного экрана
В пособии изложены физические основы добычи и нефти и газа. Приведены необходимые сведения о процессах и явлениях в призабойной зоне пласта (ППЗ). Даны основы проектирования и реальные конструкции нефтяных и газовых скважин. Рассмотрены способы эксплуатации скважин - фонтан, газлифт, винтовой насос, ШГН, ЭЦН. Описано устьевое наземное и подземое оборудование для эксплуатации скважин. Затронуты вопросы методики подбора выпускаемого оборудования и его характеристик для указанных способов эксплуатации. Рассмотрены вопросы сбора и подготовки нефти, газа и воды на промысле. Описаны техника и технология проводимых процессов. В приложении приведены переводные коэффициенты из зарубежных промысловых единиц в российские. Предназначено для инженерно-технических работников, занятых в области добычи нефти и газа, а также может быть полезно студентам нефтяных вузов.
Режим доступа: из корпоративной сети ТПУ
Jazyk:ruština
Vydáno: Томск, Изд-во ТПУ, 2012
Témata:
On-line přístup:http://www.lib.tpu.ru/fulltext2/m/2013/m091.pdf
Médium: MixedMaterials Elektronický zdroj Kniha
KOHA link:https://koha.lib.tpu.ru/cgi-bin/koha/opac-detail.pl?biblionumber=235119

MARC

LEADER 00000nlm0a2200000 4500
001 235119
005 20231101231356.0
035 |a (RuTPU)RU\TPU\book\256248 
090 |a 235119 
100 |a 20130404d2012 m y0rusy50 ca 
101 0 |a rus 
102 |a RU 
105 |a a j 001zy 
135 |a drcn ---uucaa 
181 0 |a i  
182 0 |a b 
200 1 |a Принципы подбора скважинного оборудования  |b Электронный ресурс  |e учебное пособие  |f М. О. Писарев, Т. Р. Ахмедшин  |g Национальный исследовательский Томский политехнический университет (ТПУ), Институт природных ресурсов (ИПР), Кафедра проектирования объектов нефтегазового комплекса (ПОНК) 
203 |a Текст  |c электронный 
210 |a Томск  |c Изд-во ТПУ  |d 2012 
230 |a 1 компьютерный файл (pdf; 3.9 MB) 
300 |a Заглавие с титульного экрана 
330 |a В пособии изложены физические основы добычи и нефти и газа. Приведены необходимые сведения о процессах и явлениях в призабойной зоне пласта (ППЗ). Даны основы проектирования и реальные конструкции нефтяных и газовых скважин. Рассмотрены способы эксплуатации скважин - фонтан, газлифт, винтовой насос, ШГН, ЭЦН. Описано устьевое наземное и подземое оборудование для эксплуатации скважин. Затронуты вопросы методики подбора выпускаемого оборудования и его характеристик для указанных способов эксплуатации. Рассмотрены вопросы сбора и подготовки нефти, газа и воды на промысле. Описаны техника и технология проводимых процессов. В приложении приведены переводные коэффициенты из зарубежных промысловых единиц в российские. Предназначено для инженерно-технических работников, занятых в области добычи нефти и газа, а также может быть полезно студентам нефтяных вузов. 
333 |a Режим доступа: из корпоративной сети ТПУ 
337 |a Adobe Reader 
606 1 |a Нефтегазовое оборудование  |2 stltpush  |3 (RuTPU)RU\TPU\subj\71376  |9 85321 
610 1 |a электронный ресурс 
610 1 |a учебные пособия 
610 1 |a труды учёных ТПУ 
610 1 |a скважины 
610 1 |a конструкции 
610 1 |a насосно-компрессорные трубы 
610 1 |a забои 
610 1 |a пакеры 
610 1 |a внутрискважинное оборудование 
610 1 |a скважинное оборудование 
610 1 |a нефть 
610 1 |a газ 
610 1 |a промыслы 
610 1 |a транспортировка 
610 1 |a транспорт 
610 1 |a эксплуатация 
610 1 |a фонтанная добыча 
610 1 |a газлифт 
610 1 |a газлифтная эксплуатация 
610 1 |a винтовые насосы 
610 1 |a штанговые насосы 
610 1 |a бесштанговые насосы 
610 1 |a бесштанговые насосные установки 
675 |a 622.276.05(075.8)  |v 3 
700 1 |a Писарев  |b М. О.  |c геолог  |c заведующий лабораторией Томского политехнического университета  |g Михаил Олегович  |2 stltpush  |3 (RuTPU)RU\TPU\pers\30633 
701 1 |a Ахмедшин  |b Т. Р.  |c геолог  |c инженер Томского политехнического университета  |g Тимур Рашидович  |2 stltpush  |3 (RuTPU)RU\TPU\pers\30634 
712 0 2 |a Национальный исследовательский Томский политехнический университет (ТПУ)  |b Институт природных ресурсов (ИПР)  |b Кафедра проектирования объектов нефтегазового комплекса (ПОНК)  |h 5966  |2 stltpush  |3 (RuTPU)RU\TPU\col\18669 
801 1 |a RU  |b 63413507  |c 20130404 
801 2 |a RU  |b 63413507  |c 20131024  |g RCR 
856 4 |u http://www.lib.tpu.ru/fulltext2/m/2013/m091.pdf 
942 |c CF